[Event "17th Open"]
[Site "Geneva SUI"]
[Date "2001.01.25"]
[Round "6"]
[White "Tukmakov,V"]
[Black "Korotylev,A"]
[Result "1/2-1/2"]
[WhiteElo "2595"]
[BlackElo "2554"]

1.d4 Nf6 2.c4 e6 3.g3 Bb4+ 4.Bd2 Be7 5.Bg2 d5 6.Nf3 O-O 7.O-O c6 8.Qc2 b6
9.Bf4 Nbd7 10.Rd1 Ba6 11.Ne5 Rc8 12.Qa4 Nb8 13.Nd2 b5 14.cxb5 cxb5 15.Qb3 Qb6
16.Qe3 Nc6 17.Nb3 b4 18.Rdc1  1/2-1/2

[Event "17th Open"]
[Site "Geneva SUI"]
[Date "2001.01.28"]
[Round "9"]
[White "Zueger,B"]
[Black "Perruchoud,B"]
[Result "1-0"]
[WhiteElo "2448"]
[BlackElo "2243"]

1.d4 e6 2.c4 Nf6 3.g3 Bb4+ 4.Bd2 Qe7 5.Bg2 Bxd2+ 6.Nxd2 d6 7.e3 O-O 8.Ne2 e5
9.O-O e4 10.Nc3 Bf5 11.h3 h5 12.f3 exf3 13.Qxf3 Bg6 14.Qxb7 Qxe3+ 15.Rf2 Nbd7
16.Qxc7 Qxg3 17.Nf1 Rac8 18.Qxc8 Qxf2+ 19.Kxf2 Rxc8 20.Ne3 a6 21.b4 Nf8 22.b5 axb5
23.Nxb5 Ne6 24.a4 Nf4 25.Nxd6 Rb8 26.a5 Rb2+ 27.Kg1 Ne2+ 28.Kh1 Ng3+ 29.Kh2 Nge4
30.Nxe4 Bxe4 31.a6 Nd7 32.c5 Bxg2 33.Nxg2 Rb8 34.a7 Ra8 35.Ne3  1-0

[Event "Open"]
[Site "Ubeda ESP"]
[Date "2001.01.29"]
[Round "9"]
[White "Fominyh,A"]
[Black "Sulskis,S"]
[Result "1-0"]
[WhiteElo "2582"]
[BlackElo "2501"]

1.d4 Nf6 2.c4 e6 3.g3 Bb4+ 4.Bd2 c5 5.Bxb4 cxb4 6.Bg2 O-O 7.Nh3 d6 8.Nf4 Nc6
9.O-O e5 10.dxe5 dxe5 11.Nd5 Bg4 12.h3 Be6 13.a3 bxa3 14.Rxa3 a5 15.Nbc3 Nb4
16.Nxb4 Qxd1 17.Rxd1 axb4 18.Rxa8 Rxa8 19.Nd5 Kf8 20.f4 Ra2 21.Rd2 b3 22.Kf2 Nd7
23.Nc3 Nc5 24.fxe5 Ke7 25.Ke3 Ra1 26.Nd5+ Kf8 27.Nf4 Ke7 28.Kd4 Ra5 29.Nd3 b6
30.g4 Ra4 31.Bd5 Bxd5 32.Kxd5 Nd7 33.Rd1 h6 34.Rc1 Ra5+ 35.Kd4 Nc5 36.Rf1 Ra8
37.Kc3 Ne4+ 38.Kb4 g5 39.Rd1 h5 40.Kxb3 hxg4 41.hxg4 Rh8 42.Kb4 Rh3 43.Kb5 Rg3
44.Kxb6 Rxg4 45.c5  1-0

[Event "1st Mario Covas"]
[Site "Santos BRA"]
[Date "2001.01.30"]
[Round "2"]
[White "Hoffman,A"]
[Black "De Toledo,J"]
[Result "1-0"]
[WhiteElo "2473"]
[BlackElo "2384"]

1.d4 Nf6 2.c4 e6 3.g3 Bb4+ 4.Bd2 Qe7 5.Bg2 O-O 6.Nf3 Nc6 7.O-O Bxd2 8.Qxd2 a5
9.Nc3 d6 10.Rfd1 Bd7 11.Rac1 Rfe8 12.b3 Nb4 13.Nh4 Rab8 14.e4 Red8 15.Nb5 c6
16.Nxd6 Qxd6 17.e5 Qc7 18.exf6 gxf6 19.a3 Na6 20.Qh6  1-0

[Event "12th Goodricke Open"]
[Site "Calcutta IND"]
[Date "2001.02.08"]
[Round "3"]
[White "Murugan,K"]
[Black "Galianina Ryjanova,J"]
[Result "1/2-1/2"]
[WhiteElo "2390"]
[BlackElo "2393"]

1.d4 Nf6 2.c4 e6 3.g3 Bb4+ 4.Bd2 Qe7 5.Bg2 Nc6 6.Nf3 Bxd2+ 7.Nbxd2 d6 8.O-O O-O
9.e4 e5 10.d5 Nb8 11.b4 a5 12.a3 Na6 13.Ne1 Bg4 14.f3 Bd7 15.Nd3 c6 16.dxc6 bxc6
17.Rb1 Rfb8 18.Qe2 Nc7 19.Nb3 axb4 20.axb4 Na6 21.Nd2 Nc7 22.Nb3 Na6 23.Nd2 Nc7
24.Nb3  1/2-1/2

[Event "Open"]
[Site "Coria del Rio ESP"]
[Date "2001.02.22"]
[Round "9"]
[White "Calvo,J"]
[Black "Carrabeo Garcia,M"]
[Result "1-0"]
[WhiteElo "2272"]
[BlackElo "2089"]

1.d4 Nf6 2.c4 e6 3.g3 Bb4+ 4.Bd2 Bxd2+ 5.Qxd2 d5 6.Bg2 Nbd7 7.Nf3 O-O 8.O-O b6
9.Nc3 Bb7 10.Ne5 Nxe5 11.dxe5 Ne4 12.Nxe4 dxe4 13.Qe3 f5 14.exf6 Qxf6 15.Rad1 Rad8
16.b3 Qf5 17.Rd2 Rxd2 18.Qxd2 Qc5 19.e3 Bc6 20.Rd1 Qf5 21.a4 a5 22.Qc2 h5
23.h4 Kh8 24.Rd4 e5 25.Rd2 g5 26.hxg5 Qxg5 27.Bxe4 h4 28.Bxc6 hxg3 29.Bg2 Rxf2
30.Rxf2 Qxe3 31.Qd2 gxf2+ 32.Qxf2 Qc1+ 33.Kh2 Qh6+ 34.Bh3 c5 35.Qf5 Qd2+
36.Bg2 Qe2 37.Qf3 Qb2 38.Qa8+ Kg7 39.Qb7+ Kh8 40.Qxb6 Qf2 41.Qh6+ Kg8 42.Qe6+ Kf8
43.Qxe5 Kf7 44.Kh3 Kf8 45.Qd6+ Kf7 46.Bd5+ Ke8 47.Qe6+ Kf8 48.Qg8+ Ke7 49.Qg7+ Kd8
50.Qg5+ Kd7 51.Qg4+ Ke8 52.Bc6+ Kf8 53.Qf3+  1-0

[Event "Tch-AUT 2000-01"]
[Site "Fuerstenfeld AUT"]
[Date "2001.03.16"]
[Round "9"]
[White "Ebner,H"]
[Black "Vokroj,R"]
[Result "1/2-1/2"]
[WhiteElo "2249"]
[BlackElo "2330"]

1.d4 Nf6 2.c4 e6 3.g3 Bb4+ 4.Bd2 Qe7 5.Bg2 O-O 6.Nc3 c5 7.a3 Bxc3 8.Bxc3 d6
9.Nf3 Ne4 10.Qd3 Nxc3 11.Qxc3 Nc6 12.dxc5 dxc5 13.Ne5 Nxe5 14.Qxe5 Rd8 15.O-O f6
16.Qc3 a5 17.Rfd1 e5 18.Bd5+ Kh8 19.Rd2 Bh3 20.Rad1 g6 21.Qf3 Bc8 22.h4 h5
23.Be4  1/2-1/2

[Event "Open"]
[Site "Kazimierz Dolny POL"]
[Date "2001.03.18"]
[Round "9"]
[White "Lagowski,P"]
[Black "Zontakh,A"]
[Result "1-0"]
[WhiteElo "2301"]
[BlackElo "2529"]

1.d4 Nf6 2.c4 e6 3.g3 Bb4+ 4.Bd2 Be7 5.Bg2 d5 6.Nf3 O-O 7.Qc2 Nbd7 8.O-O c6
9.Bc1 b6 10.cxd5 cxd5 11.Nc3 Bb7 12.Bf4 Rc8 13.Qb3 Ne4 14.Rac1 g5 15.Be3 f5
16.Nxe4 fxe4 17.Nd2 Bf6 18.Bh3 Qe7 19.Rxc8 Bxc8 20.Rc1 Kh8 21.Qa3 Qxa3 22.bxa3 Nb8
23.f3 exf3 24.Nxf3 h6 25.Rc7 a5 26.Ne5 Bxe5 27.dxe5 b5 28.Bc5 Re8 29.Bd6 h5
30.g4  1-0

[Event "Bank Pocztowy Open A"]
[Site "Bydgoszcz POL"]
[Date "2001.04.30"]
[Round "4"]
[White "Lagowski,P"]
[Black "Staniszewski,Pi"]
[Result "1/2-1/2"]
[WhiteElo "2328"]
[BlackElo "2448"]

1.d4 Nf6 2.c4 e6 3.g3 Bb4+ 4.Bd2 Be7 5.Bg2 d5 6.Nf3 O-O 7.Qc2 c6 8.O-O Nbd7
9.Bf4 Nh5 10.Bc1 Nhf6 11.Bf4 Nh5 12.Bc1  1/2-1/2

[Event "Bank Pocztowy Open A"]
[Site "Bydgoszcz POL"]
[Date "2001.05.05"]
[Round "8"]
[White "Lagowski,P"]
[Black "Sarwinski,M"]
[Result "1-0"]
[WhiteElo "2328"]
[BlackElo "2374"]

1.d4 Nf6 2.c4 e6 3.g3 Bb4+ 4.Bd2 Qe7 5.Bg2 O-O 6.Nf3 Bxd2+ 7.Nbxd2 c5 8.O-O Nc6
9.dxc5 Qxc5 10.Rc1 b6 11.Nb3 Qe7 12.Nfd4 Bb7 13.Nb5 d5 14.cxd5 Nxd5 15.N3d4 Nxd4
16.Qxd4 Rfd8 17.Qe5 f6 18.Qe4 Rd7 19.Qh4 g6 20.a3 e5 21.Qc4 Kg7 22.e4 a6
23.exd5 axb5 24.Qxb5 Qd8 25.Rfd1 Ra5 26.Qd3 Ra4 27.b4 Ra7 28.h4 Rd6 29.Qb3 Ba8
30.Rc3 Rad7 31.Rcd3 f5 32.a4 e4 33.Rd4 Rxd5 34.Rxd5 Rxd5 35.Rxd5 Bxd5 36.Qc3+ Kf7
37.Bf1 Be6 38.a5 bxa5 39.bxa5 Ke7 40.a6 Bd5 41.Qc5+ Qd6 42.Qd4 Bf7 43.Qc3 Qb6
44.Qe5+ Qe6 45.Qb5 Qd7 46.Qb4+ Kd8 47.Bb5  1-0

[Event "6th Stuttgart Open"]
[Site "Ditzingen GER"]
[Date "2001.05.24"]
[Round "2"]
[White "Lausen,B"]
[Black "Voloshin,L"]
[Result "0-1"]
[WhiteElo "2037"]
[BlackElo "2420"]

1.d4 Nf6 2.c4 e6 3.g3 Bb4+ 4.Nd2 c5 5.Nf3 cxd4 6.Nxd4 Qb6 7.e3 Nc6 8.Nf3 O-O
9.Bg2 Qc7 10.O-O b6 11.a3 Be7 12.b3 Bb7 13.Bb2 a6 14.Qc2 h6 15.Rfd1 d6 16.Qc3 Rfc8
17.Ne4 Na5 18.Nxf6+ Bxf6 19.Qc2 Bxb2 20.Qxb2 b5 21.cxb5 axb5 22.Rac1 Qb6
23.Nd4 Bxg2 24.Kxg2 Nc6 25.Nxc6 Rxc6 26.Kg1 Rac8 27.Rxc6 Qxc6 28.Rd4 d5 29.a4 Qc1+
30.Qxc1 Rxc1+ 31.Kg2 Rb1 32.Rd3 bxa4 33.bxa4 Ra1 34.Rd4 f5 35.g4 fxg4 36.Rxg4 Kf7
37.Rb4 Kf6 38.e4 Ke5 39.f4+ Kf6 40.Kg3 Ra3+ 41.Kg4 dxe4 42.Rb5 g6 43.a5 h5+
44.Kh4 Rf3 45.Rb4 Rxf4+ 46.Kg3 Rf3+ 47.Kg2 Ra3 48.Rxe4 Rxa5 49.h4 e5 50.Rb4 Kf5
51.Kf3 Ra3+ 52.Ke2 Rg3  0-1

[Event "IX Guillermo Garcia Mem"]
[Site "Santa Clara CUB"]
[Date "2001.06.01"]
[Round "8"]
[White "Arencibia,W"]
[Black "Michel Yunis,C"]
[Result "1-0"]
[WhiteElo "2543"]
[BlackElo "2382"]

1.d4 Nf6 2.c4 e6 3.g3 Bb4+ 4.Bd2 c5 5.Bg2 O-O 6.Bxb4 cxb4 7.e4 d6 8.Ne2 e5
9.O-O a5 10.a3 bxa3 11.Rxa3 Nc6 12.Nbc3 Re8 13.Re1 b6 14.Nb5 Nb4 15.Nec3 Ba6
16.b3 Bxb5 17.Nxb5 Qe7 18.Ra1 Red8 19.Qd2 Ne8 20.Rac1 Nc6 21.d5 Nb4 22.f4 f6
23.Bh3 Nc7 24.Qe3 Rdb8 25.fxe5 fxe5 26.Rf1 Nba6 27.Nxc7 Nxc7 28.Rf3 h6 29.Rcf1 Qg5
30.Qf2 Kh8 31.Bd7 Rd8 32.Rf7 Na6 33.h4 Qg6 34.Rf8+ Rxf8 35.Qxf8+ Rxf8 36.Rxf8+ Kh7
37.Bf5 Qxf5 38.exf5 Nc5 39.Rb8 Nxb3 40.Rxb6 Nd2 41.Rxd6 Nxc4 42.Rc6  1-0

[Event "It"]
[Site "Bibinje CRO"]
[Date "2001.06.04"]
[Round "4"]
[White "Haba,P"]
[Black "Bistric,F"]
[Result "1-0"]
[WhiteElo "2461"]
[BlackElo "2454"]

1.d4 Nf6 2.c4 e6 3.g3 Bb4+ 4.Nd2 c5 5.a3 Bxd2+ 6.Qxd2 Nc6 7.dxc5 Ne4 8.Qe3 Qa5+
9.Bd2 Nxd2 10.Qxd2 Qxc5 11.Rc1 a5 12.Bg2 O-O 13.Nf3 b6 14.O-O Ra7 15.Rfd1 Ba6
16.a4 Rc7 17.b3 Rfc8 18.Ng5 f5 19.Qd6 Bb7 20.Rd5 Qxd6 21.Rxd6 h6 22.Nf3 Kf7
23.Rcd1 Ke7 24.Ne1 Rb8 25.Nc2 Ba6 26.f4 Nd8 27.R6d2 Nf7 28.Nd4 Kf6 29.e4 fxe4
30.Bxe4 Rc5 31.Ne2 d6 32.Bg2 Bb7 33.Nd4 Bxg2 34.Kxg2 Rd8 35.Re1 Re8 36.f5 e5
37.Nb5 d5 38.Rxd5 Kxf5 39.Rd7 Kg6 40.Rf1 Ng5 41.Nc7 Rb8 42.h4 Rb7 43.Rd6+ Kh5
44.Nd5 Ne4 45.Re6 Nf6 46.Nxf6+ gxf6 47.Rfxf6 Kg4 48.Rg6+ Kf5 49.Kf3 e4+ 50.Ke3 h5
51.Ref6+ Ke5 52.Rxb6  1-0

[Event "2nd IECC"]
[Site "Ohrid MKD"]
[Date "2001.06.04"]
[Round "4"]
[White "Grabarczyk,M"]
[Black "Grant,J"]
[Result "1-0"]
[WhiteElo "2506"]
[BlackElo "2218"]

1.d4 Nf6 2.c4 e6 3.g3 Bb4+ 4.Bd2 Qe7 5.Bg2 Nc6 6.d5 Ne5 7.Qb3 Bc5 8.Nc3 Neg4
9.e3 O-O 10.Nf3 e5 11.h3 Nh6 12.g4 e4 13.Nh2 Ne8 14.Nxe4 d6 15.f4 Bb6 16.Nf2 Kh8
17.O-O Ng8 18.Rae1 Ngf6 19.Kh1 Nd7 20.e4 f6 21.Nd3 a5 22.Nf3 Nc5 23.Nxc5 Bxc5
24.Bc3 c6 25.e5 fxe5 26.fxe5 cxd5 27.cxd5 dxe5 28.Bxe5 Qd8 29.Qc2 Bb4 30.Rd1 Bd7
31.Nd4 Rc8 32.Qe2 Qg5 33.Ne6 Bxe6 34.dxe6 Rxf1+ 35.Rxf1 b6 36.a3 Be7 37.Rf7 Rc1+
38.Kh2 h5 39.Bf4 Qc5 40.Bxc1 Qxc1 41.Rxe7 Qf4+ 42.Kh1  1-0

[Event "FSIM June"]
[Site "Budapest HUN"]
[Date "2001.06.08"]
[Round "7"]
[White "Seres,L"]
[Black "Koneru,H"]
[Result "1-0"]
[WhiteElo "2425"]
[BlackElo "2311"]

1.d4 Nf6 2.c4 e6 3.g3 Bb4+ 4.Bd2 Qe7 5.Nf3 Nc6 6.a3 Bxd2+ 7.Qxd2 d6 8.Bg2 e5
9.d5 Nb8 10.Nc3 a5 11.b3 O-O 12.O-O Bg4 13.Ne1 Nfd7 14.Nd3 Na6 15.b4 Nb6
16.b5 Nb8 17.Qa2 N8d7 18.h3 Bh5 19.e4 g5 20.Rae1 Kh8 21.Qb3 Rg8 22.Nb1 Nf8
23.Nd2 Nbd7 24.Qc3 f6 25.Kh2 b6 26.Rg1 Bf7 27.Nf1 Ng6 28.Ne3 Qf8 29.Bf3 Rd8
30.Bg4 Be8 31.Ref1 Nc5 32.Nxc5 dxc5 33.Be6 Bf7 34.Nf5 Bxe6 35.dxe6 Ne7 36.Rd1 Nxf5
37.exf5 Rd4 38.f4 gxf4 39.gxf4 Qh6 40.Rxg8+ Kxg8 41.Rg1+ Kf8 42.Rg4 e4 43.Qg3 Rd3
44.Qg2 Rf3 45.Kg1 Rxf4 46.Rg8+ Ke7 47.Qg3 e3 48.Rg7+ Ke8 49.Qg2 Rd4 50.Qa8+  1-0

[Event "2nd IECC"]
[Site "Ohrid MKD"]
[Date "2001.06.09"]
[Round "8"]
[White "Grabarczyk,M"]
[Black "Golod,V"]
[Result "1-0"]
[WhiteElo "2506"]
[BlackElo "2593"]

1.d4 Nf6 2.c4 e6 3.g3 Bb4+ 4.Bd2 Be7 5.Bg2 d5 6.Nf3 O-O 7.O-O c6 8.Qb3 Nbd7
9.Bb4 Bxb4 10.Qxb4 a5 11.Qb3 b5 12.c5 Qe7 13.Qe3 Re8 14.Nbd2 e5 15.Nxe5 Nxe5
16.Qxe5 Qxe5 17.dxe5 Rxe5 18.e3 Bd7 19.Nf3 Re7 20.Nd4 Ne4 21.Rac1 f5 22.Rfe1 g6
23.f3 Nf6 24.Kf2 Kf7 25.h3 h5 26.f4 Ke8 27.Bf1 Kd8 28.Bd3 Kc7 29.b3 Rb8 30.a3 Rh8
31.b4 a4 32.Nf3 Rhe8 33.Re2 Be6 34.Ke1 Bd7 35.Kd2 Be6 36.Kc3 Ne4+ 37.Bxe4 dxe4
38.Nd4 Bd7 39.Rd1 h4 40.Rg1 Rh8 41.Rh2 hxg3 42.Rxg3 Be8 43.h4 Reh7 44.Rgh3 Rh5
45.Rh1 Bf7 46.R3h2 Rd8 47.Kd2 Kd7 48.Ke1 Be8 49.Rg1 Ke7 50.Rg5 Rh6 51.h5 Kf6
52.Kf2 Rd5 53.Kg3 gxh5 54.Kh4 Rg6 55.Rxg6+ Bxg6 56.Rg2 Bf7 57.Rg5 Be8 58.Rg8 Ke7
59.Rh8 Kf7 60.Rxh5 Bd7 61.Kg5 Ke7 62.Rh7+ Kd8 63.Kf6 Kc8 64.Re7 Kd8 65.Re5  1-0

[Event "2nd IECC"]
[Site "Ohrid MKD"]
[Date "2001.06.09"]
[Round "8"]
[White "Miton,K"]
[Black "Chernyshov,K"]
[Result "0-1"]
[WhiteElo "2497"]
[BlackElo "2536"]

1.d4 Nf6 2.c4 e6 3.g3 Bb4+ 4.Bd2 Bxd2+ 5.Nxd2 d6 6.Ngf3 c5 7.Bg2 Nc6 8.Nb3 Qe7
9.O-O O-O 10.e3 a5 11.Nc1 e5 12.d5 Na7 13.Nd2 b5 14.cxb5 Nxb5 15.a4 Nc7 16.e4 Ba6
17.Re1 Rfb8 18.Ncb3 Bd3 19.Nc1 Ba6 20.Ncb3 Bd3 21.Nc1 c4 22.b3 Na6 23.bxc4 Nb4
24.c5 dxc5 25.Nxd3 Nxd3 26.Re3 Nb4 27.Nc4 Ne8 28.f4 f6 29.fxe5 fxe5 30.Bh3 Nd6
31.Be6+ Kh8 32.Nxe5 c4 33.Qh5 Qf6 34.Rf1 g6 35.Rxf6 gxh5 36.Nd7 Nc2 37.Nxb8 Nxe3
38.Rf8+ Kg7 39.Rf3 Ng4 40.Nd7 Nxe4 41.Rf4 Nd6 42.Bxg4 hxg4 43.Rxg4+ Kh8 44.Nb6 c3
45.Rf4 Rb8 46.Rf3 Ne4  0-1

[Event "2nd IECC"]
[Site "Ohrid MKD"]
[Date "2001.06.11"]
[Round "10"]
[White "Grabarczyk,M"]
[Black "Hulak,K"]
[Result "0-1"]
[WhiteElo "2506"]
[BlackElo "2564"]

1.d4 Nf6 2.c4 e6 3.g3 Bb4+ 4.Bd2 Qe7 5.Nf3 Nc6 6.Nc3 Bxc3 7.Bxc3 Ne4 8.Qc2 f5
9.Bg2 O-O 10.O-O d6 11.b4 Nd8 12.Bb2 Bd7 13.Nd2 Nxd2 14.Qxd2 c6 15.e4 f4
16.gxf4 Qh4 17.Bc1 d5 18.a4 dxc4 19.Ra3 Nf7 20.Rh3 Qe7 21.Rg3 Nh8 22.Qe2 b5
23.axb5 cxb5 24.f5 exf5 25.e5 f4 26.Bxf4 Rae8 27.Bd2 Ng6 28.Re1 Qf7 29.Rf3 Bf5
30.Rg3 Qd7 31.Be3 Nh4 32.Bh1 Bd3 33.Qh5 Nf5 34.Rg4 Rf7 35.Rf4 Re6 36.Bg2 Qd8
37.Qf3 Rg6 38.Kh1 h6 39.Qa8 Rd7 40.Bd5+ Kh7 41.Qxd8 Rxd8 42.Bf7 Ra6 43.e6 Ne7
44.d5 Rxd5 45.Bc5 Rad6 46.Bxa7 c3 47.Kg2 c2 48.h4 g5 49.hxg5 hxg5 50.Rg4 Be2
51.Rh1+ Kg7 52.Rg3 Rd1 53.Rxg5+ Kf6 54.Be3 Rxh1 55.Kxh1 Rd3 56.Rc5 Rxe3 57.Rxc2 Bf3+
58.Kh2 Re4 59.Kg3 Bd1 60.Rd2 Bb3 61.Rd3 Rxb4 62.Be8 Bxe6 63.Bxb5 Rxb5 64.Kf3 Nf5
65.Ra3 Bd5+ 66.Ke2 Ke5 67.Rh3 Rb2+ 68.Ke1 Kf4  0-1

[Event "IV Copa Mercosur"]
[Site "Vicente Lopez ARG"]
[Date "2001.06.24"]
[Round "2"]
[White "Ricardi,P"]
[Black "Rodriguez,And URU"]
[Result "1/2-1/2"]
[WhiteElo "2554"]
[BlackElo "2500"]

1.d4 e6 2.c4 Nf6 3.g3 Bb4+ 4.Bd2 Qe7 5.Bg2 Nc6 6.Nf3 Bxd2+ 7.Nbxd2 d6 8.O-O e5
9.d5 Nb8 10.e4 a5 11.Ne1 h5 12.h3 h4 13.g4  1/2-1/2

[Event "6th Leg Russian Cup"]
[Site "Tomsk RUS"]
[Date "2001.07.01"]
[Round "2"]
[White "Bragin,A"]
[Black "Bocharov,D"]
[Result "0-1"]
[WhiteElo "2374"]
[BlackElo "2389"]

1.d4 Nf6 2.c4 e6 3.g3 Bb4+ 4.Nd2 O-O 5.Bg2 d5 6.Qb3 c5 7.Nf3 Nc6 8.cxd5 exd5
9.dxc5 Re8 10.a3 Bxc5 11.O-O Rxe2 12.Qb5 Qe7 13.b4 Bb6 14.Nb3 Bd7 15.Qd3 Qe4
16.Qd1 Qc2 17.Qxc2 Rxc2 18.b5 Na5 19.Nbd4 Rcc8 20.Bg5 Ne4 21.Bf4 f6 22.h4 h6
23.Rfd1 g5 24.hxg5 hxg5 25.Be3 Nc4 26.Nc2 Nxe3 27.Nxe3 Bxe3 28.fxe3 Bxb5
29.Rxd5 Bc6 30.Rf5 Kg7 31.Nd4 Nxg3 32.Bxc6 bxc6 33.Ra5 Ne4 34.Rc1 c5 35.Ne6+ Kg6
36.Rc4 f5 37.Kg2 Rc6 38.Nd4 Rb6 39.Nb5 Rab8 40.a4 a6 41.Nc3 Rb2+ 42.Kg1 Rc2
43.Rxa6+ Kh5  0-1

[Event "Open"]
[Site "Novosibirsk RUS"]
[Date "2001.07.19"]
[Round "1"]
[White "Degterev,A"]
[Black "Galuzin,G"]
[Result "1-0"]
[WhiteElo "2328"]
[BlackElo "2063"]

1.d4 Nf6 2.c4 e6 3.g3 Bb4+ 4.Bd2 Bxd2+ 5.Qxd2 d5 6.Nf3 O-O 7.Bg2 Ne4 8.Qc2 Nd7
9.O-O c6 10.Nc3 Nxc3 11.Qxc3 b6 12.Nd2 Bb7 13.e4 dxe4 14.Nxe4 Nf6 15.c5 Nxe4
16.Bxe4 b5 17.a4 a6 18.Rfe1 Qc7 19.Bf3 Rfb8 20.Kg2 h6 21.b4 Bc8 22.axb5 axb5
23.Rxa8 Rxa8 24.Ra1 Rxa1 25.Qxa1 Bd7 26.Qa8+ Kh7 27.Qf8 Bc8 28.h4 Qd7 29.Be4+ f5
30.Bf3 Bb7 31.Qd6 Qe8 32.Qc7 Kg8 33.Qxb7  1-0

[Event "Open"]
[Site "Novosibirsk RUS"]
[Date "2001.07.21"]
[Round "3"]
[White "Degterev,A"]
[Black "Vekshenkov,N"]
[Result "1/2-1/2"]
[WhiteElo "2328"]
[BlackElo "2444"]

1.d4 Nf6 2.c4 e6 3.g3 Bb4+ 4.Bd2 a5 5.Nf3 d6 6.Bg2 Nbd7 7.O-O e5 8.Nc3 exd4
9.Nxd4 Nb6 10.b3 c6 11.Nc2 Bc5 12.Be3 O-O 13.Bxc5 dxc5 14.a4 Qc7 15.e4 Qe5
16.Qe1 Qh5 17.f3 Rd8 18.Rd1 Bh3 19.g4 Qh6 20.Qe3 Qxe3+ 21.Nxe3 Bxg2 22.Kxg2 Nfd7
23.Rd2 Nf8 24.Rfd1 Rxd2+ 25.Rxd2 Ne6 26.Ne2 f6 27.h4 g6 28.f4 Rd8 29.Rxd8+ Nxd8
30.g5 Nd7 31.Ng4 Kf7 32.Kf3 Ke7 33.Ke3 Nf7 34.Ng3 Ke6 35.gxf6 Nxf6 36.Nxf6 Kxf6
37.e5+ Ke7 38.Ne4 b6 39.Ng5 Nh6 40.Nxh7 Nf5+ 41.Ke4  1/2-1/2

[Event "Open"]
[Site "Novosibirsk RUS"]
[Date "2001.07.21"]
[Round "3"]
[White "Vassiliev,G"]
[Black "Bocharov,D"]
[Result "0-1"]
[WhiteElo "2253"]
[BlackElo "2385"]

1.d4 Nf6 2.c4 e6 3.g3 Bb4+ 4.Bd2 Qe7 5.Bg2 Nc6 6.Nf3 Bxd2+ 7.Nbxd2 d6 8.O-O a5
9.e4 e5 10.d5 Nb8 11.b3 Na6 12.a3 O-O 13.Ne1 Bg4 14.f3 Bd7 15.Nd3 c6 16.Rf2 Rfc8
17.Nf1 cxd5 18.cxd5 Bb5 19.Rc2 Rxc2 20.Qxc2 Bxd3 21.Qxd3 Qc7 22.Bh3 Nc5 23.Qe3 a4
24.b4 Nb3 25.Ra2 g6 26.Rf2 Re8 27.Qa7 Qc1 28.Qxa4 Nd4 29.Qa7 Qc3 30.Kg2 Nc2
31.Kh1 Qxa3 32.Qxa3 Nxa3 33.Ra2 Nb5 34.Ne3 Kg7 35.Kg2 Re7 36.Kf2 Nd4 37.Ra7 Rc7
38.Bf1 Ne8 39.b5 b6 40.Ra8 Nf6 41.Rd8 Ra7 42.Bc4 Nd7 43.f4 Nc5 44.fxe5 dxe5
45.Ng4 Nxe4+ 46.Ke3 Nd6 47.Nxe5 N4f5+ 48.Ke2 Re7 49.g4 Rxe5+ 50.Kd1  0-1

[Event "Open"]
[Site "Novosibirsk RUS"]
[Date "2001.07.25"]
[Round "7"]
[White "Degterev,A"]
[Black "Zarezenko,I"]
[Result "1/2-1/2"]
[WhiteElo "2328"]
[BlackElo "2241"]

1.d4 e6 2.c4 Nf6 3.g3 Bb4+ 4.Bd2 Qe7 5.Nf3 Nc6 6.Nc3 Bxc3 7.Bxc3 Ne4 8.Rc1 O-O
9.Bg2 d6 10.d5 Nd8 11.dxe6 Nxe6 12.Bb4 a5 13.Ba3 f5 14.O-O Bd7 15.b3 c5 16.Qd3 Bc6
17.e3 Rad8 18.Qe2 b6 19.Nd2 Nxd2 20.Qxd2 Bxg2 21.Kxg2 Qb7+ 22.Qd5 Qxd5+ 23.cxd5 Nc7
24.Rcd1 a4 25.Bb2 Ra8 26.f3 axb3 27.axb3 Ra2 28.Rf2 Re8 29.Re2 b5 30.Kf2 c4
31.e4 Na6 32.bxc4 bxc4 33.Ra1 Rxa1 34.Bxa1 fxe4 35.Rxe4 Rc8 36.Bc3 Kf7  1/2-1/2

[Event "Open"]
[Site "Novosibirsk RUS"]
[Date "2001.07.26"]
[Round "8"]
[White "Yakunin,A"]
[Black "Maletin,P"]
[Result "1-0"]
[WhiteElo "2353"]
[BlackElo "2254"]

1.d4 Nf6 2.c4 e6 3.g3 Bb4+ 4.Bd2 Qe7 5.Bg2 Nc6 6.e3 Bxd2+ 7.Nxd2 e5 8.d5 Nb4
9.Qb1 a5 10.a3 Na6 11.b3 O-O 12.Ne2 d6 13.O-O Bg4 14.Nc3 Nd7 15.Qc2 f5 16.Rae1 Ndc5
17.f4 Qf6 18.fxe5 Qxe5 19.Nb5 Bh5 20.Qb1 Bg6 21.b4 Ne4 22.Nxe4 fxe4 23.Nd4 axb4
24.axb4 Rf3 25.Bxf3 exf3 26.Qa1 Re8 27.Rxf3 h5 28.Ne6 Rxe6 29.dxe6 Qxe6 30.Qc3 c5
31.bxc5 Nxc5 32.e4 h4 33.Qd4 Kh7 34.e5 hxg3 35.Rxg3  1-0

[Event "Keres Mem Open"]
[Site "Tallinn EST"]
[Date "2001.07.26"]
[Round "2"]
[White "Bjarnason,S"]
[Black "Yemelin,V"]
[Result "0-1"]
[WhiteElo "2281"]
[BlackElo "2507"]

1.d4 Nf6 2.c4 e6 3.g3 Bb4+ 4.Bd2 c5 5.Nf3 Qb6 6.Qb3 d6 7.Bg2 Bxd2+ 8.Nbxd2 Qxb3
9.Nxb3 Nbd7 10.O-O Rb8 11.Rfd1 b6 12.dxc5 dxc5 13.Nbd2 Ke7 14.Ng5 Ne5 15.b3 Bb7
16.Nge4 Nxe4 17.Nxe4 f5 18.Nc3 g5 19.Rd2 h5 20.Rad1 Bxg2 21.Kxg2 h4 22.f4 Nf7
23.Rd7+ Kf6 24.e4 hxg3 25.hxg3 gxf4 26.exf5 f3+ 27.Kg1 Ne5 28.Ne4+ Kxf5 29.Nd6+ Kf6
30.Ne4+ Kf5 31.Nd6+ Kg6 32.Re7 Kf6 33.Rxa7 Rbd8 34.Rb7 Rxd6 35.Rxd6 Ng4 36.Rd2 Rh3
37.Rxb6 Rxg3+ 38.Kf1 Rh3 39.Kg1 Rg3+ 40.Kf1 Rh3 41.Kg1 Kf5 42.Rc6 Rg3+ 43.Kf1 Rh3
44.Kg1 e5 45.Rxc5 Rg3+ 46.Kf1 Kf4 47.Rcd5 Ne3+ 48.Kf2 Rg2+  0-1

[Event "Continental Open"]
[Site "Las Vegas USA"]
[Date "2001.07.28"]
[Round "4"]
[White "Gurevich,D"]
[Black "Anka,E"]
[Result "0-1"]
[WhiteElo "2550"]
[BlackElo "2390"]

1.d4 Nf6 2.c4 e6 3.g3 Bb4+ 4.Nd2 d5 5.Bg2 O-O 6.Nf3 b6 7.O-O Bb7 8.Qc2 Nbd7
9.a3 Be7 10.b4 c5 11.cxd5 Bxd5 12.e4 Bb7 13.dxc5 bxc5 14.b5 a6 15.bxa6 Rxa6
16.Re1 Qa8 17.Bb2 Rc8 18.e5 Nd5 19.Nc4 N5b6 20.Nxb6 Nxb6 21.Qe2 Na4 22.Reb1 Rb6  0-1

[Event "MTO"]
[Site "Biel SUI"]
[Date "2001.07.30"]
[Round "7"]
[White "Mikhalevski,V"]
[Black "Rashkovsky,N"]
[Result "1-0"]
[WhiteElo "2501"]
[BlackElo "2497"]

1.d4 Nf6 2.c4 e6 3.g3 Bb4+ 4.Nd2 d5 5.Bg2 Nc6 6.Nf3 dxc4 7.Qc2 O-O 8.Qxc4 Qd5
9.O-O Bxd2 10.Qxd5 exd5 11.Bxd2 Re8 12.e3 Ne4 13.Rfc1 a5 14.Be1 Bf5 15.Nd2 Nf6
16.a3 a4 17.Rc3 Ra6 18.f3 h5 19.h3 Rb6 20.g4 hxg4 21.hxg4 Bg6 22.b4 Na7 23.Bf1 c6
24.Bh4 Nd7 25.Kf2 Nb5 26.Rcc1 Nf8 27.Be2 Ne6 28.f4 f5 29.Bd3 Nd6 30.Nf3 Bh7
31.Rh1 fxg4 32.Bxh7+ Kxh7 33.Be7+ Kg8 34.Bxd6 gxf3 35.Rag1 Rd8 36.Be5 Rd7
37.f5 Nf8 38.Rh3 c5 39.dxc5 Rc6 40.Rhg3 g6 41.fxg6 Re6 42.Bd4 Rde7 43.Rh1 Nxg6
44.Rh8+ Kf7 45.Rxf3+  1-0

[Event "Open"]
[Site "Willemstad, Curacao AHO"]
[Date "2001.07.31"]
[Round "6"]
[White "Manor,I"]
[Black "Macieja,B"]
[Result "0-1"]
[WhiteElo "2502"]
[BlackElo "2588"]

1.d4 Nf6 2.c4 e6 3.g3 Bb4+ 4.Nd2 c5 5.dxc5 O-O 6.Bg2 Bxc5 7.Ngf3 b6 8.O-O Bb7
9.a3 Be7 10.b4 d5 11.Bb2 Nbd7 12.Rc1 Rc8 13.Nd4 Nb8 14.cxd5 Rxc1 15.Qxc1 Bxd5
16.e4 Bb7 17.Rd1 Qc8 18.Qb1 Nc6 19.Rc1 Qd7 20.Nxc6 Bxc6 21.Nc4 Rc8 22.Ne5 Qb7
23.Nxc6 Rxc6 24.Rd1 Rc7 25.e5 Nd5 26.Bxd5 exd5 27.Qf5 Qc6 28.Qd3 h5 29.Qxd5 Qxd5
30.Rxd5 Rc2 31.Bd4 Rd2 32.Rd7 a5 33.Rxe7 Rxd4 34.b5 Rd5 35.a4 Kf8 36.Rb7 Rxe5
37.Rxb6 Re4 38.Rb8+ Ke7 39.Rh8 Rxa4 40.Rxh5 Rb4 41.b6 a4 42.Ra5 Kd6 43.Ra7 Kc6
44.Rxf7 Kxb6 45.Rf3 Rb3 46.Rf4 a3 47.Ra4 Kb5 48.Ra7 Kb4 49.Kg2 Kc3 50.Rxg7 a2
51.Ra7 Kb2 52.h4 Kc3 53.h5 Kb4 54.g4 Kc5 55.g5 Kd6 56.f4 Ke6 57.h6 Kf5 58.Kh2 Kg4
59.Kg2 Rb2+ 60.Kg1 Kf5 61.Kh1 Rb4 62.Kg2 Rxf4  0-1

[Event "GM"]
[Site "Hasselbacken SWE"]
[Date "2001.08.04"]
[Round "8"]
[White "Grabarczyk,M"]
[Black "Engqvist,T"]
[Result "1/2-1/2"]
[WhiteElo "2499"]
[BlackElo "2365"]

1.d4 Nf6 2.c4 e6 3.g3 Bb4+ 4.Bd2 c5 5.Bg2 Bxd2+ 6.Qxd2 cxd4 7.Nf3 a6 8.O-O Ra7
9.Nxd4 b6 10.Nc3 d6 11.Nc6 Nxc6 12.Bxc6+ Ke7 13.Qe3 Bb7 14.Nd5+ Nxd5 15.cxd5 Bxc6
16.dxc6 f6 17.Rac1 Qb8 18.Rfd1 Rd8 19.Rd4 b5 20.Qd3 g6 21.Rh4 Rh8 22.a4 Qb6
23.Qa3 Rc7 24.a5 Qa7 25.Qd3 Qa8 26.Qc2 Kf7 27.Rd4 Rd8 28.Rd3 d5 29.Qc5 Qa7
30.Qb4 Qa8 31.Qh4 Kg7 32.Rf3 Rf8 33.Rfc3 Rd8 34.Qf4 e5 35.Qb4 d4 36.Rc5 d3
37.exd3 Rxd3 38.Qg4 Rd6 39.Qe4 Qd8 40.Kg2 Rd4 41.Qf3 h5 42.R1c3 Rd1 43.Rc2 Qd3
44.Qxd3 Rxd3 45.f4 exf4 46.gxf4 f5 47.R5c3 Rd4 48.Kf3 Kf7 49.Ke3 Re4+ 50.Kf3 Rd4
51.Ke3 Rd6 52.h4 Ke8 53.b3 Re7+ 54.Kf3 Kd8 55.c7+ Kc8 56.Rc6 Ree6 57.Rxd6 Rxd6
58.Ke3 Re6+ 59.Kd4 Re4+ 60.Kd5 Rxf4 61.Rc6 Rf3 62.Rxa6 Rxb3 63.Rxg6 Kxc7
64.Rg7+ Kb8 65.Kc5 Re3 66.Rh7 Re5+ 67.Kb6 Re6+ 68.Kxb5 Rf6 69.Rh8+ Ka7 70.Rh7+ Kb8
71.Rxh5 f4 72.Rg5 f3 73.Rg1 f2 74.Rf1 Kc7  1/2-1/2

[Event "Nordic Championships"]
[Site "Bergen NOR"]
[Date "2001.08.05"]
[Round "2"]
[White "Glenne,BE"]
[Black "White,K"]
[Result "1-0"]
[WhiteElo "2223"]
[BlackElo "2075"]

1.d4 Nf6 2.c4 e6 3.g3 Bb4+ 4.Bd2 a5 5.Bg2 d5 6.Nf3 O-O 7.Qc2 Nc6 8.O-O dxc4
9.Rd1 Qe7 10.Qxc4 Rd8 11.Nc3 h6 12.Nb5 Bd6 13.Bc3 Ne4 14.Be1 Bd7 15.Nh4 Nf6
16.f4 Ng4 17.Bd2 Rdc8 18.Bf3 Nf6 19.e4 Bb4 20.Be3 a4 21.a3 Ba5 22.e5 Ne8
23.d5 Nd8 24.Nd4 Bb6 25.Rac1 Ra5 26.Nc2 exd5 27.Bxd5 Bxe3+ 28.Nxe3 c6 29.Ng6  1-0